|
|
|
|
| LEADER |
00000cam a2200000 4500 |
| 001 |
vtls012083066 |
| 003 |
SK-MaSNL |
| 005 |
20260301104516.0 |
| 008 |
220112s2021 xo al g np 000 0 slo |
| 015 |
|
|
|a SNBA2022/12
|
| 020 |
|
|
|a 9788056109052
|q (brožované)
|
| 040 |
|
|
|a SNK
|b slo
|c SNK
|e rda
|
| 041 |
0 |
|
|a slo
|
| 044 |
|
|
|a xo
|c SK
|
| 072 |
|
7 |
|a 364
|x Sociálne problémy vyžadujúce podporu a pomoc. Sociálne zabezpečenie
|2 konspekt
|
| 072 |
|
7 |
|a 615
|x Farmácia. Farmakológia
|2 konspekt
|
| 080 |
|
|
|a 364.692:615.015.6
|2 2011
|
| 080 |
|
|
|a 178.1
|2 2011
|
| 080 |
|
|
|a 351.761.3
|2 2011
|
| 080 |
|
|
|a 615.212.7
|2 2011
|
| 080 |
|
|
|a 615.214
|2 2011
|
| 080 |
|
|
|a (075.8)
|2 2011
|
| 100 |
1 |
|
|a Šuľová, Michaela,
|d 1987-
|4 aut
|9 162958
|
| 245 |
1 |
0 |
|a Závislosti
|c Michaela Šuľová
|
| 250 |
|
|
|a Vydanie prvé
|
| 264 |
|
1 |
|a Ružomberok
|b Verbum
|c 2021
|
| 300 |
|
|
|a 97 strán
|b grafy, ilustrácie, tabuľky
|c 26 cm
|
| 336 |
|
|
|a text
|b txt
|2 rdacontent
|
| 337 |
|
|
|a bez média
|b n
|2 rdamedia
|
| 338 |
|
|
|a zväzok
|b nc
|2 rdacarrier
|
| 366 |
|
|
|e 100 kusov
|
| 504 |
|
|
|a Bibliografia na strane 95-97, bibliografické odkazy
|
| 650 |
0 |
7 |
|a drogová závislosť
|2 SNKPH
|9 1551
|
| 650 |
0 |
7 |
|a alkohol
|2 SNKPH
|9 15497
|
| 650 |
0 |
7 |
|a protidrogová politika
|2 SNKPH
|9 68534
|
| 650 |
0 |
7 |
|a návykové látky
|2 SNKPH
|9 2536
|
| 650 |
0 |
7 |
|a psychotropné látky
|2 SNKPH
|9 2577
|
| 650 |
0 |
7 |
|a Drug abuse
|2 SNKPHeng
|9 274766
|
| 650 |
0 |
7 |
|a Alcohol
|2 SNKPHeng
|9 313439
|
| 650 |
0 |
7 |
|a Drug and narcotic control
|2 SNKPHeng
|9 266452
|
| 650 |
0 |
7 |
|a Addictive substances
|2 SNKPHeng
|9 352983
|
| 650 |
0 |
7 |
|a Psychotropic agents
|2 SNKPHeng
|9 324714
|
| 655 |
|
7 |
|a učebnice vysokých škôl
|2 SNKPH
|9 70191
|
| 655 |
|
7 |
|a Textbooks (higher)
|2 SNKPHeng
|9 276436
|
| 710 |
2 |
|
|a Katolícka univerzita v Ružomberku.
|b Teologická fakulta v Košiciach
|4 pbl
|9 181896
|
| 919 |
|
|
|a 978-80-561-0905-2
|
| 954 |
|
|
|a odborná, vedecká literatúra pôvodná (slovenská)
|2 lita
|
| 958 |
|
|
|a NB
|
| 999 |
|
|
|c 698313
|d 700243
|
| 952 |
|
|
|a SNK
|b SNK
|y PREZ
|7 0
|p 17A1514646
|o snkSB 98554
|i snk2022/16231
|8 0
|0 0
|1 0
|4 0
|d 2022-10-25
|l 0
|r 2025-05-19 00:00:00
|w 2026-02-23
|